gminy powiatu myślenickiego z mapą - Statystyki

Ogólne statystyki
  • Ten quiz został rozwiązany 100 razy
  • Średni wynik to 7 z 9
Odpowiedzi na mapie
Odpowiedzi zakodowano w zielono-czerwonej skali na mapie do tego quizu, zgodnie z poniższymi procentami.
 
Statystyki odpowiedzi
Wskazówka Odpowiedź % Poprawnych
gmina miejsko-wiejskia Myślenice
100%
gmina miejsko-wiejskia Dobczyce
89%
gmina wiejska Pcim
84%
gmina wiejska Lubień
74%
gmina miejsko-wiejskia Sułkowice
74%
gmina wiejska Tokarnia
67%
gmina wiejska Siepraw
62%
gmina wiejska Raciechowice
59%
gmina wiejska Wiśniowa
59%
Nie znaleziono quizów pasujących do podanych kryteriów
Rozkład punktacji
Procent ludzi z każdym wynikiem
Percentyl według liczby udzielonych odpowiedzi
Twoja historia wyników
Nie rozwiązałeś tego quizu